| 000 | 00554nam a2200157 a 4500 | ||
|---|---|---|---|
| 008 | 120416s1982 ||||||||||||||||| || u | ||
| 020 | _a008024680X | ||
| 050 | _aHT 165.5 Cri | ||
| 100 | _aParis, Chris | ||
| 245 | 1 | 0 |
_aCritical readings in planning theory _cedited by Chris Paris |
| 260 |
_aOxford: _bPergamon _c1982 |
||
| 300 | _axiv, 322p. : ill | ||
| 350 | _a0.00 | ||
| 650 | 0 | _aCITY PLANNING | |
| 995 |
_D0.00 _FCBU-MAIN LIBRARY (Kitwe) _H1 _I11.25 _UAVAILABLE _ZMain Library Open Access Collection |
||
| 999 |
_c39227 _d39227 |
||